000 00611nam a2200217 a 4500
003 PILC
005 20160229141111.0
008 060818s19uu xx 00 eng d
020 _a0538442859
050 _aG 155.A1
_b.Oe6 2007
100 _aOelkers, Dotty Boen.
245 _aTravel and tourism marketing /
_cDotty Boen Oelkers.
260 _aAustralia :
_bThomson South-Western,
_c2007.
300 _a311 pages :
_bcolor illustrations ;
_c28 cm.
500 _aIncludes glossary and index.
650 _aTourism.
650 _aMarketing.
942 _cBK
_2lcc
_kFOR
999 _c21556
_d21556